ESSENTIAL PATHOLOGY FOR DENTAL STUDENTS (Record no. 3517)

MARC details
000 -LEADER
fixed length control field 00371nam a2200145Ia 4500
008 - FIXED-LENGTH DATA ELEMENTS--GENERAL INFORMATION
fixed length control field 150201s2005 xx 000 0 und d
082 ## - DEWEY DECIMAL CLASSIFICATION NUMBER
Classification number 616.07
Item number E2005H
100 ## - MAIN ENTRY--PERSONAL NAME
Personal name HARSH MOHAN
245 ## - TITLE STATEMENT
Title ESSENTIAL PATHOLOGY FOR DENTAL STUDENTS
250 ## - EDITION STATEMENT
Edition statement 3RD
260 ## - PUBLICATION, DISTRIBUTION, ETC. (IMPRINT)
Name of publisher, distributor, etc. JAYPEE MEDICAL PUBLISHER
Place of publication, distribution, etc. DELHI
Date of publication, distribution, etc. 2005
300 ## - PHYSICAL DESCRIPTION
Extent 1-575
650 ## - SUBJECT ADDED ENTRY--TOPICAL TERM
Topical term or geographic name as entry element PATHOLOGY
942 ## - ADDED ENTRY ELEMENTS (KOHA)
Source of classification or shelving scheme Dewey Decimal Classification
Koha item type Books
Koha issues (borrowed), all copies 43
Holdings
Withdrawn status Lost status Source of classification or shelving scheme Damaged status Not for loan Home library Current library Date acquired Source of acquisition Cost, normal purchase price Serial Enumeration / chronology SGTU Bill Number Total Checkouts Total Renewals Full call number Barcode Date last seen Date last checked out Bill Date Koha item type Checked out
    Dewey Decimal Classification     SGT Dental Library SGT Dental Library 15/12/2006 U.B.S.DELHI 495.00 1 SGTU 16 17 2 616.07 E2005H FD3987 10/01/2026 25/12/2025 01/08/2012 Books  
    Dewey Decimal Classification     SGT Dental Library SGT Dental Library 15/12/2006 U.B.S.DELHI 495.00 1 SGTU 16 32   616.07 E2005H FD3988 24/10/2025 24/10/2025 01/08/2012 Books  
    Dewey Decimal Classification     SGT Dental Library SGT Dental Library 23/01/2007 U.B.S.DELHI 495.00 1 SGTU 1013 19   616.07 E2006H FD4002 08/01/2026 24/12/2025 02/08/2012 Books  
    Dewey Decimal Classification     SGT Dental Library SGT Dental Library 17/11/2010 U.B.S.DELHI 550.00 1 SGTU 664 12   616.07 E2010M FD6305 27/04/2026 03/04/2026 08/04/2013 Books  
    Dewey Decimal Classification     SGT Dental Library SGT Dental Library 17/11/2010 U.B.S.DELHI 550.00 1 SGTU 664 20   616.07 E2010M FD6306 01/06/2026 01/06/2026 08/04/2013 Books 15/06/2026
    Dewey Decimal Classification     SGT Dental Library SGT Dental Library 17/11/2010 U.B.S.DELHI 550.00 1 SGTU 664 45   616.07 E2010M FD6307 24/10/2025 24/10/2025 08/04/2013 Books  
weeded-out   Dewey Decimal Classification     SGT Dental Library SGT Dental Library 17/11/2010 U.B.S.DELHI 550.00 1 SGTU 664 36   616.07 E2010M FD6308 28/08/2021 26/08/2021 08/04/2013 Books  
    Dewey Decimal Classification     SGT Dental Library SGT Dental Library 17/11/2010 U.B.S.DELHI 550.00 1 SGTU 664 15 1 616.07 E2010M FD6309 01/06/2026 01/06/2026 08/04/2013 Books 15/06/2026